[Event "Serbia op-A"]
[Site "Belgrade"]
[Date "2025.07.22"]
[Round "8"]
[White "Bulgankhan, Ganzorig"]
[Black "Triantafilidis, Mihail"]
[Result "1-0"]
[WhiteElo "2021"]
[BlackElo "2215"]
[PlyCount "99"]
[EventDate "2025.07.14"]
[EventType "swiss"]
[EventRounds "9"]
[EventCountry "SRB"]
[SourceTitle "CB30_2025"]
[SourceDate "2025.07.23"]
[SourceVersion "1"]
[SourceVersionDate "2025.07.23"]
[SourceQuality "1"]

1. d4 Nf6 2. Nc3 d6 3. e4 c6 4. Nf3 g6 5. h3 Bg7 6. a4 0-0 7. Be2 Qc7 8. 0-0 e5 9. Be3 Nh5 10. Re1 a5 11. Qd2 Na6 12. Rad1 Nb4 13. Bc4 Be6 14. Bxe6 fxe6 15. dxe5 dxe5 16. Ne2 Nf4 17. Bxf4 exf4 18. Ned4 Qe7 19. c3 Na6 20. Qe2 Nc7 21. Qc4 Rfd8 22. Qb3 Rdb8 23. Rd2 Qe8 24. Red1 b5 25. axb5 cxb5 26. Ne2 a4 27. Qa2 Kh8 28. Rd7 Rd8 29. Rxd8 Rxd8 30. Rxd8 Qxd8 31. Nxf4 Bh6 32. g3 Bxf4 33. gxf4 Qf6 34. Qa3 Qxf4 35. Kg2 g5 36. Qe7 h6 37. e5 g4 38. Qd8+ Kg7 39. Qxc7+ Kg6 40. Ng1 Qe4+ 41. f3 Qc2+ 42. Kg3 Qxb2 43. fxg4 h5 44. Nf3 hxg4 45. hxg4 Qb1 46. Qd8 Kg7 47. Qe7+ Kg8 48. Qxe6+ Kf8 49. Qf6+ Kg8 50. e6 1-0

[Event "Serbia op-A"]
[Site "Belgrade"]
[Date "2025.07.21"]
[Round "7"]
[White "Triantafilidis, Mihail"]
[Black "Tuguldur, Soninbayar"]
[Result "0-1"]
[WhiteElo "2215"]
[BlackElo "2121"]
[PlyCount "76"]
[EventDate "2025.07.14"]
[EventType "swiss"]
[EventRounds "9"]
[EventCountry "SRB"]
[SourceTitle "CB30_2025"]
[SourceDate "2025.07.23"]
[SourceVersion "1"]
[SourceVersionDate "2025.07.23"]
[SourceQuality "1"]

1. e4 e6 2. d4 d5 3. Nc3 Nf6 4. e5 Nfd7 5. f4 c5 6. Nf3 Nc6 7. Be3 Rb8 8. Qd2 a6 9. Ne2 b5 10. a3 b4 11. axb4 Rxb4 12. c3 Rb8 13. dxc5 Bxc5 14. Ned4 Qb6 15. Rb1 a5 16. Bd3 Ba6 17. 0-0 Bxd3 18. Qxd3 0-0 19. Bf2 Rfc8 20. f5 Ndxe5 21. Nxe5 Nxe5 22. Qe2 Nc4 23. fxe6 fxe6 24. Qxe6+ Qxe6 25. Nxe6 Bxf2+ 26. Rxf2 a4 27. Nf4 Rd8 28. Nd3 d4 29. Nb4 Rd6 30. Ra1 d3 31. Rf4 d2 32. Rxc4 d1Q+ 33. Rxd1 Rxd1+ 34. Kf2 Rd2+ 35. Kg3 Rxb2 36. Nd3 Ra2 37. Nc5 Ra8 38. Ne6 Re2 0-1

[Event "Serbia op-A"]
[Site "Belgrade"]
[Date "2025.07.17"]
[Round "4"]
[White "Cuzovic, Ognjen"]
[Black "Triantafilidis, Mihail"]
[Result "0-1"]
[WhiteElo "2073"]
[BlackElo "2215"]
[PlyCount "58"]
[EventDate "2025.07.14"]
[EventType "swiss"]
[EventRounds "9"]
[EventCountry "SRB"]
[SourceTitle "CB30_2025"]
[SourceDate "2025.07.23"]
[SourceVersion "1"]
[SourceVersionDate "2025.07.23"]
[SourceQuality "1"]

1. d4 Nf6 2. c4 g6 3. Nc3 Bg7 4. e4 d6 5. Nf3 0-0 6. Be2 Nbd7 7. Bg5 h6 8. Bh4 g5 9. Bg3 Nh5 10. h4 g4 11. Nh2 Nxg3 12. fxg3 h5 13. 0-0 c5 14. d5 Ne5 15. Bd3 Bd7 16. Ne2 b5 17. Nf4 Nxd3 18. Qxd3 bxc4 19. Qe2 Rb8 20. Rab1 c3 21. Nxh5 Rxb2 22. Rxb2 Bd4+ 23. Kh1 cxb2 24. Nxg4 Qb6 25. Rb1 Qb5 26. Nh6+ Kh7 27. Qd2 Qc4 28. e5 Bxe5 29. Kh2 Qxh4+ 0-1

[Event "Serbia op-A"]
[Site "Belgrade"]
[Date "2025.07.14"]
[Round "3"]
[White "Triantafilidis, Mihail"]
[Black "Markina, Sofiia"]
[Result "1-0"]
[WhiteElo "2215"]
[BlackElo "1914"]
[PlyCount "77"]
[EventDate "2025.07.14"]
[EventType "swiss"]
[EventRounds "9"]
[EventCountry "SRB"]
[SourceTitle "CB30_2025"]
[SourceDate "2025.07.23"]
[SourceVersion "1"]
[SourceVersionDate "2025.07.23"]
[SourceQuality "1"]

1. e4 c5 2. Nf3 Nc6 3. g3 g6 4. Bg2 Bg7 5. c3 d5 6. d3 dxe4 7. dxe4 Qxd1+ 8. Kxd1 Be6 9. Be3 Rd8+ 10. Nbd2 b6 11. Kc2 h6 12. h3 Nf6 13. Nh4 g5 14. Nhf3 Nd7 15. Nh2 Rg8 16. Rhg1 Nde5 17. Bf1 c4 18. f4 Nd3 19. f5 Bc8 20. Nxc4 Nde5 21. Nd2 Bb7 22. Rd1 e6 23. Bb5 exf5 24. exf5 Ke7 25. Rge1 Rge8 26. Nhf1 Kf8 27. g4 a6 28. Be2 b5 29. Ng3 Kg8 30. Nde4 b4 31. Nd6 Re7 32. Nxb7 Rxb7 33. Rxd8+ Nxd8 34. Bxa6 Rb8 35. Nh5 bxc3 36. Nxg7 Kxg7 37. Bd4 f6 38. Rxe5 cxb2 39. Rb5 1-0

[Event "Serbia op-A"]
[Site "Belgrade"]
[Date "2025.07.14"]
[Round "1"]
[White "Triantafilidis, Mihail"]
[Black "Vujatovic, Irina"]
[Result "0-1"]
[WhiteElo "2215"]
[BlackElo "2007"]
[PlyCount "74"]
[EventDate "2025.07.14"]
[EventType "swiss"]
[EventRounds "9"]
[EventCountry "SRB"]
[SourceTitle "CB30_2025"]
[SourceDate "2025.07.23"]
[SourceVersion "1"]
[SourceVersionDate "2025.07.23"]
[SourceQuality "1"]

1. e4 c5 2. Nf3 g6 3. d4 cxd4 4. Nxd4 Nc6 5. c4 Nf6 6. Nc3 Nxd4 7. Qxd4 d6 8. Be3 Bg7 9. Be2 0-0 10. Qd3 a6 11. 0-0 Bd7 12. f3 b5 13. cxb5 axb5 14. Nxb5 Bxb5 15. Qxb5 Rb8 16. Qa6 Nd7 17. Rfd1 Bxb2 18. Rab1 Bg7 19. a4 Qc7 20. Bb5 Rfc8 21. Bxd7 Qxd7 22. Rxb8 Rxb8 23. Rc1 h5 24. a5 Qa4 25. Qa7 Rb3 26. Bf2 Rb2 27. Qxe7 Qa2 28. Bg3 Rxg2+ 29. Kh1 Rc2 30. Re1 Qb3 31. Qe8+ Kh7 32. Rf1 Rc1 33. Kg2 Rxf1 34. Kxf1 Qxf3+ 35. Bf2 Bd4 36. Ke1 Qxf2+ 37. Kd1 Bc3 0-1

[Event "GRE-chT 52nd"]
[Site "Loutraki"]
[Date "2025.07.02"]
[Round "5.14"]
[White "Triantafilidis, Mihail"]
[Black "Panagiotakos, Nikolaos"]
[Result "1-0"]
[WhiteElo "2215"]
[BlackElo "2154"]
[PlyCount "75"]
[EventDate "2025.06.28"]
[EventType "team-swiss"]
[EventRounds "7"]
[EventCountry "GRE"]
[SourceTitle "CB28_2025"]
[SourceDate "2025.07.09"]
[SourceVersion "1"]
[SourceVersionDate "2025.07.09"]
[SourceQuality "1"]
[WhiteTeam "Thessaloniki Aris"]
[BlackTeam "OFI"]
[WhiteTeamCountry "GRE"]
[BlackTeamCountry "GRE"]

1. e4 c5 2. Nf3 Nc6 3. d4 cxd4 4. Nxd4 g6 5. c4 Bg7 6. Be3 Qb6 7. Nb3 Qd8 8. Qd2 Nf6 9. Nc3 Ng4 10. Bf4 d6 11. h3 Nf6 12. Be2 0-0 13. 0-0 Be6 14. Rfd1 a5 15. Qe3 Nd7 16. Na4 b6 17. Rac1 Rb8 18. Bh6 Qc7 19. Nc3 Qb7 20. Bxg7 Kxg7 21. f4 f6 22. Nd5 Rbc8 23. Rc3 Bf7 24. Rcc1 Rfe8 25. Kh2 a4 26. Nd4 Nxd4 27. Rxd4 e5 28. Rd2 Nc5 29. f5 Bxd5 30. Rxd5 Rc6 31. b4 axb3 32. axb3 Na6 33. Rcd1 Qc7 34. c5 bxc5 35. Bb5 Rb6 36. Bxe8 Nb4 37. R5d2 Qe7 38. Ba4 1-0

[Event "Thessaloniki tt Final 4"]
[Site "Thessaloniki"]
[Date "2025.05.17"]
[Round "1.3"]
[White "Vourtsas, Athanasios"]
[Black "Triantafilidis, Mihail"]
[Result "1/2-1/2"]
[WhiteElo "1990"]
[BlackElo "2219"]
[PlyCount "135"]
[EventDate "2025.05.17"]
[EventType "team-k.o."]
[EventRounds "2"]
[EventCountry "GRE"]
[SourceTitle "CB21_2025"]
[SourceDate "2025.05.21"]
[SourceVersion "1"]
[SourceVersionDate "2025.05.21"]
[SourceQuality "1"]
[WhiteTeam "Polygoroy"]
[BlackTeam "Thessaloniki Arhs"]
[WhiteTeamCountry "GRE"]
[BlackTeamCountry "GRE"]

1. Nf3 c5 2. e3 Nc6 3. d4 d5 4. b3 Nf6 5. Bb2 Bg4 6. Be2 e6 7. 0-0 Qc7 8. Nbd2 cxd4 9. Nxd4 Bxe2 10. Qxe2 e5 11. Nb5 Qd7 12. c4 a6 13. Nc3 Be7 14. cxd5 Nxd5 15. Rfd1 Nxc3 16. Bxc3 0-0 17. Nc4 Qc7 18. Qe1 b6 19. Rac1 Rfd8 20. Bb2 f6 21. Qe2 b5 22. Nd2 Qb6 23. Ne4 Rac8 24. h3 Nb4 25. a3 Rxc1 26. Bxc1 Nc6 27. Nc3 Bf8 28. Qg4 Qc5 29. Bb2 Rxd1+ 30. Qxd1 Qd6 31. Qc2 Na5 32. b4 Nc4 33. e4 g6 34. Nd5 Bh6 35. Bc1 Bxc1 36. Qxc1 Kg7 37. a4 Qc6 38. axb5 axb5 39. Qa1 Nd6 40. Qa7+ Qb7 41. Qe3 f5 42. f3 fxe4 43. fxe4 h6 44. Nc3 Qc7 45. Qc5 Qxc5+ 46. bxc5 b4 47. cxd6 bxc3 48. d7 c2 49. d8Q c1Q+ 50. Kh2 Qf4+ 51. Kh1 Qf1+ 52. Kh2 Qf4+ 53. Kh1 h5 54. Qe7+ Kh6 55. h4 g5 56. Qe6+ Kg7 57. Qe7+ Kg6 58. Qe6+ Qf6 59. Qe8+ Kh6 60. hxg5+ Kxg5 61. Qb5 Qf4 62. Qd3 Qg4 63. Qe3+ Kh4 64. Kh2 Qg6 65. Qh3+ Kg5 66. Qe3+ Kf6 67. Qb6+ Kg5 68. Qe3+ 1/2-1/2

[Event "CZE-ch Amateurs"]
[Site "Hluk"]
[Date "2025.05.14"]
[Round "6"]
[White "Slaby, Matej"]
[Black "Triantafilidis, Mihail"]
[Result "1/2-1/2"]
[WhiteElo "2009"]
[BlackElo "2219"]
[PlyCount "132"]
[EventDate "2025.05.06"]
[EventType "swiss"]
[EventRounds "9"]
[EventCountry "CZE"]
[SourceTitle "CB20_2025"]
[SourceDate "2025.05.14"]
[SourceVersion "1"]
[SourceVersionDate "2025.05.14"]
[SourceQuality "1"]

1. Nf3 Nf6 2. c4 g6 3. b3 Bg7 4. Bb2 d6 5. d4 0-0 6. g3 c6 7. Bg2 Qc7 8. 0-0 Re8 9. Nc3 e5 10. e4 Nbd7 11. d5 Nc5 12. Re1 cxd5 13. cxd5 a5 14. Rc1 Bd7 15. Bf1 Qb8 16. a4 Bg4 17. Bg2 Nfd7 18. h3 Bxf3 19. Bxf3 Na6 20. Nb5 Ndc5 21. Ba3 Qd8 22. Rc4 b6 23. Qc2 Rf8 24. Bg2 f5 25. exf5 gxf5 26. b4 axb4 27. Bxb4 e4 28. Bd2 Nd3 29. Rb1 Nac5 30. Nd4 Ra6 31. Ne6 Nxe6 32. dxe6 d5 33. Rc7 Qd6 34. Rc6 Qa3 35. Bf1 Qxa4 36. Bxd3 exd3 37. Qxa4 Rxa4 38. Rb3 Ra1+ 39. Kg2 Rd1 40. Rxd3 Re8 41. Rxd5 Bh6 42. Rcd6 Rxd2 43. Rxd2 Bxd2 44. Rxd2 Rxe6 45. Rd7 Re4 46. Rd5 f4 47. Kf3 Rb4 48. gxf4 Rb2 49. Rd7 b5 50. Rb7 b4 51. Kg4 b3 52. Kf5 Rb1 53. Kf6 h5 54. Kg6 Kf8 55. Kxh5 b2 56. h4 Kg8 57. Kh6 Kf8 58. h5 Kg8 59. f5 Kf8 60. f6 Kg8 61. f4 Kf8 62. Kh7 Ke8 63. f7+ Kf8 64. f5 Rh1 65. Rxb2 Kxf7 66. Kh6 Kf8 1/2-1/2

[Event "CZE-ch Amateurs Blitz"]
[Site "Hluk"]
[Date "2025.05.09"]
[Round "6"]
[White "Triantafilidis, Mihail"]
[Black "Hronek, Ondrej"]
[Result "0-1"]
[WhiteElo "2060"]
[BlackElo "1861"]
[PlyCount "88"]
[EventDate "2025.05.09"]
[EventType "swiss (blitz)"]
[EventRounds "13"]
[EventCountry "CZE"]
[SourceTitle "CB20_2025"]
[SourceDate "2025.05.14"]
[SourceVersion "1"]
[SourceVersionDate "2025.05.14"]
[SourceQuality "1"]

1. d4 e6 2. Nf3 f5 3. c4 Nf6 4. Nc3 Bb4 5. Qb3 Bxc3+ 6. Qxc3 b6 7. g3 Bb7 8. Bg2 0-0 9. 0-0 d6 10. b4 Ne4 11. Qc2 Nd7 12. Bb2 Ndf6 13. Rfd1 Qe7 14. Rac1 g5 15. Ne1 g4 16. Nd3 a5 17. a3 Ra7 18. Nf4 Rfa8 19. d5 e5 20. Ne6 Bc8 21. f3 Bxe6 22. dxe6 gxf3 23. exf3 Ng5 24. Qxf5 Nxe6 25. f4 Ng7 26. Qg5 Re8 27. fxe5 dxe5 28. Rf1 Nd7 29. Qh6 axb4 30. Bd5+ Ne6 31. Bxe6+ Qxe6 32. Qh5 Qg6 33. Qd1 Nf6 34. axb4 Raa8 35. Rc2 Rad8 36. Qe1 Ng4 37. h3 Nh6 38. g4 Nf7 39. Rcf2 Ng5 40. Kh2 e4 41. Rf6 Qg7 42. Rf8+ Qxf8 43. Rxf8+ Rxf8 44. Bc1 Nf3+ 0-1

[Event "CZE-ch Amateurs Blitz"]
[Site "Hluk"]
[Date "2025.05.09"]
[Round "8"]
[White "Triantafilidis, Mihail"]
[Black "Klys, Kacper"]
[Result "1-0"]
[WhiteElo "2060"]
[BlackElo "2011"]
[PlyCount "79"]
[EventDate "2025.05.09"]
[EventType "swiss (blitz)"]
[EventRounds "13"]
[EventCountry "CZE"]
[SourceTitle "CB20_2025"]
[SourceDate "2025.05.14"]
[SourceVersion "1"]
[SourceVersionDate "2025.05.14"]
[SourceQuality "1"]

1. d4 d6 2. Nf3 g6 3. c4 Bg7 4. Nc3 Nf6 5. Bg5 h6 6. Bh4 Nbd7 7. e3 c6 8. Be2 Qb6 9. Qc2 e5 10. 0-0 0-0 11. h3 Re8 12. Rfd1 Nf8 13. dxe5 dxe5 14. Bg3 Qc7 15. b4 g5 16. Nd2 Ng6 17. c5 Be6 18. Nc4 Nd5 19. Nxd5 Bxd5 20. Nd6 Red8 21. Bc4 Ne7 22. e4 Bxc4 23. Qxc4 Nc8 24. Nf5 Ne7 25. Nxg7 Kxg7 26. Rd6 f6 27. Qe6 Ng8 28. Rad1 Rxd6 29. Rxd6 Rd8 30. Bxe5 fxe5 31. Qxe5+ Kf8 32. Rf6+ Nxf6 33. Qxc7 Rd1+ 34. Kh2 Nxe4 35. Qc8+ Kg7 36. Qxb7+ Kg6 37. Qxc6+ Nf6 38. Qe6 Rd2 39. c6 Rxf2 40. c7 1-0

[Event "CZE-ch Amateurs Blitz"]
[Site "Hluk"]
[Date "2025.05.09"]
[Round "10"]
[White "Triantafilidis, Mihail"]
[Black "Vanek, Ladislav"]
[Result "1-0"]
[WhiteElo "2060"]
[BlackElo "2145"]
[PlyCount "99"]
[EventDate "2025.05.09"]
[EventType "swiss (blitz)"]
[EventRounds "13"]
[EventCountry "CZE"]
[SourceTitle "CB20_2025"]
[SourceDate "2025.05.14"]
[SourceVersion "1"]
[SourceVersionDate "2025.05.14"]
[SourceQuality "1"]

1. d4 d5 2. Nf3 Nf6 3. Bf4 e6 4. e3 c5 5. Nbd2 Nc6 6. c3 cxd4 7. exd4 Nh5 8. Be3 Bd6 9. Ne5 g6 10. Be2 Ng7 11. Nxc6 bxc6 12. f3 0-0 13. 0-0 f6 14. c4 g5 15. Bf2 Qe8 16. Qe1 Nf5 17. g4 Ng7 18. Bg3 e5 19. cxd5 cxd5 20. Bd3 Qe7 21. Qe2 exd4 22. Qxe7 Bxe7 23. Rfe1 Bb4 24. Re2 Ne6 25. Nb3 Bd7 26. Bf5 Rae8 27. a3 Nc5 28. Nxd4 Rxe2 29. Nxe2 Bxf5 30. axb4 Bd3 31. bxc5 Bxe2 32. Kf2 Bc4 33. Rxa7 Re8 34. Bd6 d4 35. Re7 Ra8 36. c6 d3 37. Bb4 Ba6 38. c7 Bb7 39. Rd7 Ra4 40. Rd8+ Kf7 41. Bc3 Rc4 42. Ba5 Rc2+ 43. Ke3 Rc5 44. Bb4 Rc6 45. Ba5 Rc5 46. b4 Rc2 47. Kxd3 Rc6 48. Kd4 Rc1 49. Rb8 Ba6 50. b5 1-0

[Event "CZE-ch Amateurs"]
[Site "Hluk"]
[Date "2025.05.06"]
[Round "1"]
[White "Triantafilidis, Mihail"]
[Black "Kubicek, Daniel1"]
[Result "1-0"]
[WhiteElo "2219"]
[BlackElo "1768"]
[PlyCount "51"]
[EventDate "2025.05.06"]
[EventType "swiss"]
[EventRounds "9"]
[EventCountry "CZE"]
[SourceTitle "CB20_2025"]
[SourceDate "2025.05.14"]
[SourceVersion "1"]
[SourceVersionDate "2025.05.14"]
[SourceQuality "1"]

1. e4 e5 2. Nf3 Nc6 3. Bc4 Nf6 4. d3 Bc5 5. c3 0-0 6. 0-0 Re8 7. Re1 d5 8. exd5 Nxd5 9. d4 Bf8 10. dxe5 Nb6 11. Qxd8 Rxd8 12. Bb3 Bg4 13. Ng5 Rd7 14. h3 Bf5 15. g4 Bxb1 16. Rxb1 Nd8 17. e6 fxe6 18. Nxe6 Nf7 19. Be3 Kh8 20. Rbd1 Ne5 21. Kg2 Rxd1 22. Rxd1 Bd6 23. Bd4 Rg8 24. Bxe5 Bxe5 25. Ng5 Nd5 26. Nf7# 1-0

[Event "Belgrade Trophy 37th"]
[Site "Belgrade"]
[Date "2024.12.01"]
[Round "9"]
[White "Xie, Jianjun"]
[Black "Triantafilidis, Mihail"]
[Result "1/2-1/2"]
[WhiteElo "2361"]
[BlackElo "2200"]
[PlyCount "99"]
[EventDate "2024.11.23"]
[EventType "swiss"]
[EventRounds "9"]
[EventCountry "SRB"]
[SourceTitle "CB49_2024"]
[SourceDate "2024.12.04"]
[SourceVersion "1"]
[SourceVersionDate "2024.12.04"]
[SourceQuality "1"]

1. e4 e5 2. Nf3 Nc6 3. Bb5 a6 4. Ba4 Bc5 5. c3 Nge7 6. 0-0 Ng6 7. d4 Ba7 8. Bg5 f6 9. Be3 0-0 10. d5 Nce7 11. d6 cxd6 12. Bxa7 Rxa7 13. Qxd6 b5 14. Bb3+ Kh8 15. a4 Rb7 16. a5 Rc7 17. Bd5 Nxd5 18. exd5 Bb7 19. Rd1 Ne7 20. Na3 Nc8 21. Qb4 d6 22. c4 bxc4 23. Nxc4 Qe7 24. Rac1 Rc5 25. Ne3 Rb5 26. Qc3 f5 27. b4 f4 28. Nc4 Rxd5 29. Rxd5 Bxd5 30. Nb6 Nxb6 31. axb6 Qb7 32. Qc7 Qxc7 33. Rxc7 Rb8 34. Rd7 Rxb6 35. Nxe5 g5 36. h4 Be6 37. Nf7+ Kg7 38. Rxd6 Rxd6 39. Nxd6 gxh4 40. b5 a5 41. b6 Bd5 42. b7 Bxb7 43. Nxb7 a4 44. Na5 a3 45. f3 Kf6 46. Kf2 a2 47. Nb3 Kg5 48. Na1 Kh5 49. Nc2 Kg5 50. Na1 1/2-1/2

[Event "Belgrade Trophy 37th"]
[Site "Belgrade"]
[Date "2024.11.26"]
[Round "4"]
[White "Triantafilidis, Mihail"]
[Black "Vulinovic, Radivoje"]
[Result "1-0"]
[WhiteElo "2200"]
[BlackElo "2040"]
[PlyCount "128"]
[EventDate "2024.11.23"]
[EventType "swiss"]
[EventRounds "9"]
[EventCountry "SRB"]
[SourceTitle "CB49_2024"]
[SourceDate "2024.12.04"]
[SourceVersion "1"]
[SourceVersionDate "2024.12.04"]
[SourceQuality "1"]

1. e4 e5 2. Bc4 Nf6 3. d3 Nc6 4. Nf3 Be7 5. 0-0 0-0 6. Re1 d6 7. a4 Be6 8. Na3 Bxc4 9. Nxc4 Nd7 10. c3 f5 11. Ne3 f4 12. Nd5 Kh8 13. b4 g5 14. h3 Rg8 15. Nh2 Rc8 16. Bb2 Bf8 17. a5 a6 18. Qh5 Ncb8 19. c4 c6 20. Nc3 Nf6 21. Qd1 Qe8 22. Na4 Rc7 23. d4 Rcg7 24. Ng4 Nxg4 25. hxg4 Nd7 26. Ra3 h5 27. Rh3 Rh7 28. c5 Nf6 29. f3 hxg4 30. Rxh7+ Kxh7 31. Kf2 g3+ 32. Ke2 Kg6 33. Nb6 g4 34. dxe5 dxe5 35. Nc4 gxf3+ 36. gxf3 Qe6 37. Nxe5+ Kg5 38. Nd3 Nh5 39. Rh1 Qc4 40. Rxh5+ Kxh5 41. Qh1+ Kg6 42. Kd2 Bg7 43. Nxf4+ Kf7 44. Qh5+ Ke7 45. Qg5+ Ke8 46. Bxg7 Qxb4+ 47. Ke3 Qc3+ 48. Bxc3 Rxg5 49. Ng2 Rxc5 50. Bd2 Rb5 51. f4 Rb3+ 52. Ke2 c5 53. Ne3 Rb2 54. e5 c4 55. Nxc4 g2 56. Kf2 Rc2 57. Kxg2 Rxc4 58. Kf3 Rc5 59. Ke4 b6 60. axb6 Rb5 61. f5 Rxb6 62. e6 Ke7 63. Bg5+ Ke8 64. Bd2 Rb5 1-0

[Event "Kalamaria op-A 17th"]
[Site "Kalamaria"]
[Date "2024.09.01"]
[Round "2"]
[White "Triantafilidis, Mihail"]
[Black "Ioannidis, Evgenios"]
[Result "0-1"]
[WhiteElo "2099"]
[BlackElo "2505"]
[PlyCount "116"]
[EventDate "2024.08.31"]
[EventType "swiss"]
[EventRounds "9"]
[EventCountry "GRE"]
[SourceTitle "EXT 2025"]
[Source "ChessBase"]
[SourceDate "2024.10.14"]
[SourceVersion "1"]
[SourceVersionDate "2024.10.14"]
[SourceQuality "1"]

1. e4 e5 2. Nf3 Nc6 3. d4 exd4 4. Nxd4 Nf6 5. Nc3 Bc5 6. Be3 Bb6 7. Nf5 0-0 8. Bxb6 axb6 9. Ne3 Re8 10. f3 Ne5 11. Qd4 d6 12. 0-0-0 Bd7 13. Kb1 Ra5 14. a4 Bxa4 15. Nxa4 Nc6 16. Qc3 Rxa4 17. b3 Ra7 18. Bb5 Qa8 19. Nd5 Nxd5 20. exd5 Ra5 21. Ba4 b5 22. Bxb5 Rxb5 23. dxc6 bxc6 24. Rhe1 Rbb8 25. Rxe8+ Rxe8 26. Re1 Kf8 27. Rxe8+ Qxe8 28. Qa5 Qc8 29. Qa4 c5 30. Qe4 g6 31. Qh4 Kg7 32. Qe7 Qb7 33. h4 c4 34. Qe3 cxb3 35. Qc3+ Kg8 36. cxb3 c5 37. Qd3 Qe7 38. Ka2 Qe5 39. g4 Kg7 40. Qd2 d5 41. f4 Qd6 42. g5 d4 43. Kb2 d3 44. Qc3+ Kf8 45. Qe5 Qxe5+ 46. fxe5 Ke7 47. Kc3 Ke6 48. Kxd3 Kxe5 49. Kc4 Kd6 50. Kc3 Kc7 51. Kc4 Kc6 52. Kd3 Kc7 53. Kc4 Kd6 54. Kd3 f5 55. gxf6 h5 56. Ke3 Ke6 57. Ke4 Kxf6 58. Kd5 g5 0-1

[Event "GRE-ch rapid"]
[Site "Ioannina"]
[Date "2024.08.17"]
[Round "4"]
[White "Giannoulakis, Labros"]
[Black "Triantafilidis, Mihail"]
[Result "1-0"]
[WhiteElo "2252"]
[BlackElo "1970"]
[PlyCount "89"]
[EventDate "2024.08.17"]
[EventType "swiss (rapid)"]
[EventRounds "9"]
[EventCountry "GRE"]
[SourceTitle "CBM 221 Extra"]
[Source "ChessBase"]
[SourceDate "2024.09.30"]
[SourceVersion "1"]
[SourceVersionDate "2024.09.30"]
[SourceQuality "1"]

1. d4 Nf6 2. Nf3 e6 3. c4 Bb4+ 4. Nbd2 b6 5. g3 Bb7 6. Bg2 Ne4 7. 0-0 Nxd2 8. Bxd2 Bxd2 9. Qxd2 0-0 10. Rfe1 Be4 11. Rad1 Qc8 12. d5 d6 13. Bh3 Bf5 14. Bxf5 exf5 15. Nd4 g6 16. h4 h5 17. e4 fxe4 18. Rxe4 Qh3 19. Qh6 Nd7 20. Ne6 fxe6 21. Qxg6+ Kh8 22. Qxh5+ Kg7 23. Rg4+ Kf6 24. Qg5+ Kf7 25. dxe6+ Kxe6 26. Qd5+ Kf6 27. Qg5+ Ke6 28. Qd5+ Kf6 29. Rf4+ Ke7 30. Qg5+ Ke6 31. Qg6+ Ke7 32. Qg7+ Ke6 33. Re1+ Ne5 34. Rxf8 Rxf8 35. Qxf8 Kd7 36. Qg7+ Kc6 37. Rxe5 dxe5 38. Qxe5 Kb7 39. Qe4+ Kb8 40. Qd5 Qg4 41. h5 Qg7 42. Qd2 Qg4 43. h6 Qe4 44. Qd8+ Kb7 45. Qd5+ 1-0

[Event "Thessaloniki White Tower op-A 44th"]
[Site "Thessaloniki"]
[Date "2024.01.03"]
[Round "3"]
[White "Kollias, Ioannis K"]
[Black "Triantafilidis, Mihail"]
[Result "1/2-1/2"]
[WhiteElo "1750"]
[BlackElo "2072"]
[PlyCount "108"]
[EventDate "2024.01.02"]
[EventType "swiss"]
[EventRounds "9"]
[EventCountry "GRE"]
[SourceTitle "CBM 218 Extra"]
[Source "ChessBase"]
[SourceDate "2024.03.31"]
[SourceVersion "1"]
[SourceVersionDate "2024.03.31"]
[SourceQuality "1"]

1. e4 c5 2. Nf3 e6 3. d3 g6 4. g3 Bg7 5. Bg2 Ne7 6. 0-0 Nbc6 7. c3 d5 8. Nbd2 0-0 9. Re1 e5 10. exd5 Nxd5 11. Nc4 Re8 12. Ne3 Nc7 13. h4 h6 14. a4 Be6 15. a5 Qd7 16. Nc4 Bf5 17. Be3 Ne6 18. Qa4 Rad8 19. Red1 Qc7 20. b4 cxb4 21. cxb4 Bxd3 22. b5 Bxc4 23. bxc6 Qxc6 24. Qxc6 bxc6 25. Rxd8 Rxd8 26. Rc1 Bd5 27. Bxa7 Ra8 28. Bb6 Nd8 29. Nd2 Nb7 30. Bxd5 cxd5 31. Nb3 Nd6 32. Rc6 Nc4 33. Rc5 Rb8 34. Rb5 e4 35. Kf1 Bc3 36. Rxd5 Nxb6 37. axb6 Rxb6 38. Nc5 Rb4 39. h5 Kg7 40. hxg6 Kxg6 41. Kg2 Bf6 42. Rd6 Kg7 43. Rd7 Kg8 44. Rd5 Rc4 45. Rf5 Kg7 46. Rd5 Bg5 47. Re5 Kf6 48. Nd7+ Kg7 49. Nc5 Bf6 50. Rd5 Be7 51. Nb3 Kg6 52. Nd2 Rb4 53. Re5 Bg5 54. Nxe4 f6 1/2-1/2

[Event "Thessaloniki White Tower op-A 44th"]
[Site "Thessaloniki"]
[Date "2024.01.03"]
[Round "2"]
[White "Triantafilidis, Mihail"]
[Black "Giannoulakis, Labros"]
[Result "0-1"]
[WhiteElo "2072"]
[BlackElo "2341"]
[PlyCount "58"]
[EventDate "2024.01.02"]
[EventType "swiss"]
[EventRounds "9"]
[EventCountry "GRE"]
[SourceTitle "CBM 218 Extra"]
[Source "ChessBase"]
[SourceDate "2024.03.31"]
[SourceVersion "1"]
[SourceVersionDate "2024.03.31"]
[SourceQuality "1"]

1. e4 e5 2. Nf3 Nc6 3. d4 exd4 4. Nxd4 Nf6 5. Nxc6 bxc6 6. Qe2 a5 7. Nc3 Ba6 8. Qf3 Bxf1 9. Rxf1 Rb8 10. e5 Qe7 11. Bf4 Nd5 12. Nxd5 cxd5 13. 0-0-0 Qb4 14. b3 d4 15. Kb1 Bc5 16. Qg4 g6 17. Rd3 a4 18. Bc1 0-0 19. Rfd1 axb3 20. axb3 Ra8 21. Bb2 Ra6 22. Qxd7 Rfa8 23. Rf3 Qa5 24. Qxf7+ Kh8 25. c3 d3 26. Rdxd3 Qa1+ 27. Kc2 Qxb2+ 28. Kxb2 Ra2+ 29. Kc1 Ra1+ 0-1

[Event "GRE-chT 49th"]
[Site "Thessaloniki"]
[Date "2022.08.14"]
[Round "4.5"]
[White "Gavriil, Odysseas Panagiotis"]
[Black "Triantafilidis, Mihail"]
[Result "1-0"]
[WhiteElo "1986"]
[BlackElo "1991"]
[PlyCount "85"]
[EventDate "2022.08.12"]
[EventType "team-swiss"]
[EventRounds "7"]
[EventCountry "GRE"]
[SourceTitle "CBM 209 Extra"]
[Source "ChessBase"]
[SourceDate "2022.09.30"]
[SourceVersion "1"]
[SourceVersionDate "2022.09.30"]
[SourceQuality "1"]
[WhiteTeam "Amo Galaxias"]
[BlackTeam "Thessaloniki Aris"]
[WhiteTeamCountry "GRE"]
[BlackTeamCountry "GRE"]

1. Nf3 c5 2. g3 Nc6 3. Bg2 e5 4. d3 d5 5. 0-0 Nf6 6. Nc3 d4 7. Nb1 Be7 8. a4 Be6 9. Na3 Nd7 10. e4 a6 11. Nd2 0-0 12. f4 f6 13. f5 Bf7 14. g4 b5 15. h4 Nb6 16. Nf3 Nxa4 17. Rf2 c4 18. Bf1 Nc5 19. g5 Rc8 20. Rg2 Qe8 21. Qe1 Bh5 22. Qg3 cxd3 23. Bxd3 Nxd3 24. cxd3 Na5 25. gxf6 Bxf6 26. Bg5 Qe7 27. Bxf6 Rxf6 28. Nxe5 Nb3 29. Rf1 Nc1 30. Kh1 Ne2 31. Qg5 Rc1 32. Rxc1 Nxc1 33. Nc6 Qf7 34. Qxc1 Qc7 35. Qg5 Bf3 36. Nxd4 Bxg2+ 37. Kxg2 h6 38. Qg3 Qc1 39. e5 Qxb2+ 40. Nac2 Rf7 41. e6 Rf6 42. Qe1 Kf8 43. Qa5 1-0